| 000 | 00597nam a2200205 u 4500 | ||
|---|---|---|---|
| 005 | 20210223132138.0 | ||
| 008 | 130827s2009 ag r 000 0 spa d | ||
| 020 | _a9789505633869 | ||
| 035 | _aUPN01000192464 | ||
| 049 | _aCG | ||
| 050 | 4 |
_aPQ8519 Q5 _bC8.3c |
|
| 100 | 1 |
_aQuiroga, Horacio, _d1878-1937 _929892 |
|
| 245 | 1 | 0 |
_aCuentos de amor de locura y de muerte / _cHoracio Quiroga ; il. Patricia Breccia. |
| 260 |
_aBuenos Aires : _bColihue, _c2009. |
||
| 300 | _a189 p. | ||
| 440 | 4 | _aLos libros de Boris | |
| 650 | 4 |
_aCUENTOS URUGUAYOS _910233 |
|
| 905 | _aLibro | ||
| 999 |
_c164566 _d164566 |
||